| 000 | 00518cam a22001934a 4500 | ||
|---|---|---|---|
| 005 | 20250605164307.0 | ||
| 008 | 250528s ||||||||||||||||||||||||d | ||
| 035 | _a22335 | ||
| 020 | _a9789603440772 | ||
| 040 |
_aGR-AtMCL _bgre _dGR-AtMCL _eAACR2 |
||
| 245 | 1 | _aΑΠΟΦΕΥΓΕΤΕ ΤΟ ΣΤΡΕΣ | |
| 250 | _a2 | ||
| 260 |
_bΕλληνικά Γράμματα, _c1997 |
||
| 300 | _a178 | ||
| 700 | 1 |
_aΡωτας Ρενος-Παναγιωτης _98190 |
|
| 942 | _cBK | ||
| 999 |
_c7389 _d7389 |
||